[Event "Autunno Scacchistico A"]
[Site "Venezia ITA"]
[Date "2007.11.04"]
[Round "5"]
[White "Vancini, Edoardo"]
[Black "Gallo, Enrico"]
[Result "1-0"]
[WhiteElo "2290"]
[BlackElo "2077"]
[PlyCount "67"]
[EventDate "2007.11.01"]

1. d4 d5 2. Nf3 Nf6 3. e3 Bf5 4. c4 Bxb1 5. Rxb1 e6 6. Qb3 Qc8 7. cxd5 exd5 8.
Bd2 Nbd7 9. Rc1 c6 10. Bd3 Qc7 11. O-O a5 12. Ne5 Bd6 13. f4 O-O 14. Qc2 Rfe8
15. Rf3 Nf8 16. Rh3 Ne4 17. Bxe4 dxe4 18. Nc4 Bb4 19. Rh5 Nd7 20. a3 g6 21.
axb4 gxh5 22. bxa5 Nf6 23. Bb4 Rad8 24. Bc5 Nd5 25. Qe2 Kh8 26. Qxh5 Rg8 27.
Qf5 Rde8 28. Bd6 Qd8 29. Ne5 Rxe5 30. fxe5 Rxg2+ 31. Kh1 Qh4 32. e6 Rf2 33.
Qxf7 Nf6 34. Qf8+ 1-0

[Event "Autunno Scacchistico A"]
[Site "Venezia ITA"]
[Date "2007.11.04"]
[Round "5"]
[White "Xia, Jie"]
[Black "Pechy, Alaster"]
[Result "1-0"]
[WhiteElo "2220"]
[BlackElo "2165"]
[PlyCount "105"]
[EventDate "2007.11.01"]

1. e4 d6 2. g3 c5 3. Bg2 Nc6 4. Ne2 Nf6 5. d4 e5 6. d5 Nd4 7. c3 Nxe2 8. Qxe2
Bg4 9. f3 Bd7 10. c4 a6 11. Nc3 Rb8 12. O-O b5 13. f4 b4 14. fxe5 dxe5 15. Nd1
Bg4 16. Bf3 Bh3 17. Rf2 Rb6 18. b3 Qd7 19. Ne3 h5 20. Bb2 Bd6 21. Nf5 g6 22.
Ne3 O-O 23. Qd2 Re8 24. Re1 Bf8 25. Ng2 Bxg2 26. Kxg2 Kh7 27. Bc1 Ng8 28. Qe3
Qe7 29. Rd1 Bh6 30. Qe1 Bxc1 31. Rxc1 Kg7 32. Qe3 Rf6 33. Rd1 Qd6 34. Qg5 Qd8
35. Rfd2 Rd6 36. Qe3 Qc7 37. h3 Rc8 38. g4 h4 39. g5 Qd8 40. Bg4 Rc7 41. Rf2 a5
42. Rdf1 Ra6 43. Rf3 Rd6 44. Qf2 Qxg5 45. Rxf7+ Rxf7 46. Qxf7+ Kh8 47. Qf8 Ra6
48. Qxc5 Rf6 49. Rf2 Rxf2+ 50. Qxf2 Nf6 51. d6 Nxe4 52. Qf8+ Kh7 53. Qe7+ 1-0

[Event "Autunno Scacchistico A"]
[Site "Venezia ITA"]
[Date "2007.11.04"]
[Round "5"]
[White "You Zi Chih, Stefano"]
[Black "Maccapan, Fabio"]
[Result "1-0"]
[WhiteElo "2109"]
[BlackElo "2072"]
[PlyCount "81"]
[EventDate "2007.11.01"]

1. e4 e5 2. Nf3 Nf6 3. Bc4 Nxe4 4. Nc3 Nxc3 5. dxc3 Be7 6. Nxe5 O-O 7. Qh5 d5
8. Bd3 g6 9. Qf3 Nc6 10. Nxc6 bxc6 11. Bh6 Re8 12. O-O-O Bg5+ 13. Bxg5 Qxg5+
14. Kb1 h5 15. h4 Qe5 16. Rdf1 Bg4 17. Qg3 Qxg3 18. fxg3 Re3 19. b4 Rae8 20.
Rf6 Re1+ 21. Rxe1 Rxe1+ 22. Kb2 Be6 23. Rf2 Bg4 24. Rf6 Re6 25. Rxe6 Bxe6 26.
Kb3 Kf8 27. Ka4 Ke7 28. Ka5 Bc8 29. Ba6 Kd8 30. a3 Kd7 31. c4 d4 32. c5 Kd8 33.
Bxc8 Kxc8 34. Ka6 Kb8 35. a4 Ka8 36. b5 Kb8 37. b6 f6 38. bxc7+ Kxc7 39. Kxa7
g5 40. hxg5 fxg5 41. Ka6 1-0

[Event "Autunno Scacchistico A"]
[Site "Venezia ITA"]
[Date "2007.11.04"]
[Round "6"]
[White "Bianchi, Andrea"]
[Black "Paris, Giorgio"]
[Result "1-0"]
[WhiteElo "2156"]
[BlackElo "2055"]
[PlyCount "70"]
[EventDate "2007.11.01"]

1. e4 e5 2. Nf3 Nc6 3. Bc4 Bc5 4. c3 Nf6 5. d3 a5 6. a4 O-O 7. Qe2 h6 8. O-O
Re8 9. Bb3 d6 10. Nbd2 Bg4 11. h3 Bh5 12. Re1 Nh7 13. g4 Bg6 14. Nf1 Qd7 15.
Nh4 Nf8 16. Ng3 Qe7 17. Nhf5 Qf6 18. Qf3 Nh7 19. h4 Bxf5 20. Nxf5 Rf8 21. Kh2
Kh8 22. Rg1 g5 23. hxg5 Nxg5 24. Bxg5 Qxg5 25. Rg3 Ne7 26. Nxh6 Kg7 27. Nf5+
Kg6 28. Kg2 Rh8 29. Nxd6 Qf6 30. Qxf6+ Kxf6 31. Rf3+ Kg6 32. Nxf7 Rhf8 33.
Nxe5+ Kg7 34. Nd7 Rxf3 35. Kxf3 Ba7 1-0

[Event "Autunno Scacchistico A"]
[Site "Venezia ITA"]
[Date "2007.11.04"]
[Round "6"]
[White "Bosiocic, Marin"]
[Black "Dvirnyy, Danyyil"]
[Result "1-0"]
[WhiteElo "2491"]
[BlackElo "2333"]
[PlyCount "53"]
[EventDate "2007.11.01"]

1. e4 c5 2. Nf3 d6 3. c3 Nf6 4. h3 g6 5. Bd3 Bg7 6. Bc2 O-O 7. O-O Nc6 8. d4
cxd4 9. cxd4 e5 10. d5 Ne7 11. Nc3 Ne8 12. Be3 h6 13. Qd2 Kh7 14. g4 f5 15.
exf5 gxf5 16. Nh4 Rf6 17. f4 Kg8 18. fxe5 dxe5 19. gxf5 Nd6 20. Ne4 Nxe4 21.
Bxe4 Qd6 22. Rf3 Bd7 23. Kh1 Raf8 24. Rg1 R8f7 25. Rfg3 Kh7 26. Qg2 Bh8 27. Ng6
1-0

[Event "Autunno Scacchistico A"]
[Site "Venezia ITA"]
[Date "2007.11.04"]
[Round "6"]
[White "Genocchio, Daniele"]
[Black "Bonafede, Alessandro"]
[Result "0-1"]
[WhiteElo "2433"]
[BlackElo "2279"]
[PlyCount "54"]
[EventDate "2007.11.01"]

1. b3 e5 2. Bb2 d6 3. c4 Nc6 4. Nc3 g6 5. g3 Bg7 6. Bg2 f5 7. e3 Nf6 8. d3 O-O
9. Nge2 Ne7 10. Qc2 c6 11. Rd1 g5 12. h4 gxh4 13. Rxh4 Ng6 14. Rh1 f4 15. gxf4
exf4 16. exf4 Bg4 17. Kd2 d5 18. Kc1 b5 19. Rdg1 Qd7 20. f3 Bf5 21. Ne4 Rad8
22. c5 dxe4 23. dxe4 Nd5 24. Rd1 Qe7 25. Ng3 Ne3 26. Rxd8 Nxc2 27. Nxf5 Bxb2+
0-1

[Event "Autunno Scacchistico A"]
[Site "Venezia ITA"]
[Date "2007.11.04"]
[Round "6"]
[White "Grandesso, Emanuele"]
[Black "Solinas, Carlo"]
[Result "1-0"]
[WhiteElo "2092"]
[BlackElo "2050"]
[PlyCount "105"]
[EventDate "2007.11.01"]

1. c4 Nf6 2. g3 g6 3. Bg2 Bg7 4. Nc3 d6 5. Nf3 O-O 6. d4 c6 7. O-O Qa5 8. Qc2
Qh5 9. Rd1 e5 10. b3 Bf5 11. Qd2 e4 12. Nh4 Na6 13. Nxf5 Qxf5 14. Qf4 d5 15.
Qxf5 gxf5 16. Bh3 Nc7 17. Ba3 Rfe8 18. Bxf5 Ne6 19. cxd5 Nxd4 20. Rxd4 Nxd5 21.
Rxd5 Bxc3 22. Rdd1 Bxa1 23. Rxa1 Rad8 24. Bb4 Rd5 25. g4 c5 26. Bc3 b5 27. a3
a6 28. Kg2 f6 29. Kg3 e3 30. f3 Kf7 31. Bxh7 Red8 32. Bd3 Rxd3 33. exd3 Rxd3
34. Rc1 e2 35. Kf2 e1=Q+ 36. Bxe1 Rxb3 37. Rxc5 Rxa3 38. h4 Ra2+ 39. Ke3 Ra3+
40. Rc3 Ra1 41. Bd2 a5 42. Rb3 b4 43. h5 Rh1 44. Kd3 f5 45. h6 Rf1 46. Ke2 Rh1
47. g5 Rh2+ 48. Kd3 Kg6 49. f4 Rh1 50. Kc4 Rd1 51. Rd3 Rb1 52. Rd6+ Kh7 53.
Rd7+ 1-0

[Event "Autunno Scacchistico A"]
[Site "Venezia ITA"]
[Date "2007.11.04"]
[Round "6"]
[White "Horton-Kitchlew, Andrew"]
[Black "Pastres, Roberto"]
[Result "0-1"]
[WhiteElo "2097"]
[BlackElo "2119"]
[PlyCount "74"]
[EventDate "2007.11.01"]

1. d4 d5 2. Nf3 Nf6 3. Nc3 g6 4. Bg5 Bg7 5. Qd2 h6 6. Bh4 c6 7. Ne5 Be6 8. Qe3
Ng4 9. Nxg4 Bxg4 10. h3 Be6 11. g4 c5 12. Nd1 cxd4 13. Qb3 Qa5+ 14. c3 dxc3 15.
Nxc3 Nc6 16. Bg2 d4 17. Qxb7 O-O 18. Bxc6 dxc3 19. b4 Qa3 20. O-O c2 21. Rac1
Qxh3 22. Bg3 Bd4 23. Qc7 Rac8 24. Qf4 Rxc6 25. Qxd4 Rc4 26. Qd3 Rfc8 27. b5
Qxg4 28. Kg2 Rc3 29. Qd2 Qh3+ 30. Kg1 Rxg3+ 31. fxg3 Qxg3+ 32. Kh1 Rc4 33. e4
Rxe4 34. Qg2 Rh4+ 35. Kg1 Qe3+ 36. Qf2 Rg4+ 37. Kh2 Qe5+ 0-1

[Event "Autunno Scacchistico A"]
[Site "Venezia ITA"]
[Date "2007.11.04"]
[Round "6"]
[White "Kasparov, Sergey"]
[Black "Pomaro, Alberto"]
[Result "1-0"]
[WhiteElo "2466"]
[BlackElo "2153"]
[PlyCount "77"]
[EventDate "2007.11.01"]

1. e4 e6 2. d4 d5 3. Nd2 c5 4. exd5 Qxd5 5. Ngf3 cxd4 6. Bc4 Qd6 7. O-O Nf6 8.
Nb3 Nc6 9. Nbxd4 Nxd4 10. Nxd4 a6 11. Bb3 Qc7 12. Qf3 Bd6 13. h3 O-O 14. Bg5
Nd7 15. c3 Ne5 16. Qe2 b5 17. Rad1 Bb7 18. Rfe1 Nc4 19. a4 Qc5 20. Bc1 Bd5 21.
axb5 axb5 22. Bc2 b4 23. b3 Na3 24. cxb4 Qxb4 25. Be4 Bxe4 26. Qxe4 Bc5 27. Nf3
Qxb3 28. Ng5 Qc2 29. Qf3 Qg6 30. Rd7 Nc2 31. Red1 Nd4 32. R7xd4 Bxd4 33. Rxd4
Rfc8 34. Be3 h6 35. Ne4 Rd8 36. Nd6 f6 37. Kh2 Ra5 38. Rg4 Qh7 39. Qxf6 1-0

[Event "Autunno Scacchistico A"]
[Site "Venezia ITA"]
[Date "2007.11.04"]
[Round "6"]
[White "Keller, Christophe"]
[Black "You Zi Chih, Stefano"]
[Result "1-0"]
[WhiteElo "2221"]
[BlackElo "2109"]
[PlyCount "45"]
[EventDate "2007.11.01"]

1. e4 c5 2. Nc3 Nc6 3. f4 g6 4. Nf3 Bg7 5. Bb5 Nd4 6. Bd3 d6 7. Nxd4 Bxd4 8.
Ne2 Bg7 9. Bb5+ Bd7 10. Bxd7+ Qxd7 11. c3 Qc6 12. d3 c4 13. Nd4 Bxd4 14. cxd4
cxd3 15. Qxd3 Nf6 16. d5 Qa4 17. O-O Nxe4 18. b3 Qb4 19. a3 Qc3 20. Qxc3 Nxc3
21. Bb2 Rc8 22. Rf3 Ne2+ 23. Kf1 1-0

[Event "Autunno Scacchistico A"]
[Site "Venezia ITA"]
[Date "2007.11.04"]
[Round "6"]
[White "Mileto, Gabriele"]
[Black "Vancini, Edoardo"]
[Result "0-1"]
[WhiteElo "2164"]
[BlackElo "2290"]
[PlyCount "84"]
[EventDate "2007.11.01"]

1. Nf3 c5 2. c4 Nf6 3. g3 d5 4. d4 cxd4 5. cxd5 Nxd5 6. Nxd4 e5 7. Nb5 Bb4+ 8.
N1c3 O-O 9. Bg2 Nxc3 10. Nxc3 Qxd1+ 11. Kxd1 Nc6 12. Bd2 Rd8 13. e3 Bf5 14. Kc1
Rd7 15. Rd1 Rad8 16. Bf3 e4 17. Be2 Ne5 18. a3 Bf8 19. Be1 Nd3+ 20. Bxd3 exd3
21. Kd2 g5 22. f3 Bh3 23. Ne4 Be7 24. f4 h6 25. Rdc1 b6 26. Rc6 Kg7 27. Nc3 Bc5
28. b4 Bxe3+ 29. Kxe3 d2 30. Kf2 Bg4 31. fxg5 hxg5 32. Rc4 f5 33. h4 Re7 34.
Kf1 Bh3+ 35. Kf2 dxe1=Q+ 36. Rxe1 Rd2+ 37. Re2 Rexe2+ 38. Nxe2 Bg4 39. Rc7+ Kf8
40. Rc8+ Ke7 41. hxg5 Rxe2+ 42. Kf1 Kf7 0-1

[Event "Autunno Scacchistico A"]
[Site "Venezia ITA"]
[Date "2007.11.04"]
[Round "6"]
[White "Mrdja, Milan"]
[Black "Timoshenko, Georgy"]
[Result "1/2-1/2"]
[WhiteElo "2408"]
[BlackElo "2544"]
[PlyCount "27"]
[EventDate "2007.11.01"]

1. e4 c6 2. d4 d5 3. Nc3 dxe4 4. Nxe4 Bf5 5. Ng3 Bg6 6. Nf3 Nd7 7. h4 h6 8. h5
Bh7 9. Bd3 Bxd3 10. Qxd3 Ngf6 11. Bf4 Qa5+ 12. Bd2 Qc7 13. O-O-O e6 14. Ne4
1/2-1/2

[Event "Autunno Scacchistico A"]
[Site "Venezia ITA"]
[Date "2007.11.04"]
[Round "6"]
[White "Omeri, Silvan"]
[Black "Cristiani, Cesare"]
[Result "1-0"]
[WhiteElo "2181"]
[BlackElo "2166"]
[PlyCount "127"]
[EventDate "2007.11.01"]

1. Nf3 Nf6 2. g3 g6 3. Bg2 Bg7 4. c4 c5 5. O-O Nc6 6. Nc3 e5 7. d3 d6 8. Bg5 h6
9. Bxf6 Bxf6 10. Nd5 Bg7 11. Rb1 O-O 12. b4 b6 13. b5 Na5 14. Nd2 Rb8 15. Nb3
Nb7 16. Qc1 Bg4 17. Re1 Be6 18. Qa3 Na5 19. Qa4 Bd7 20. Nxa5 bxa5 21. Qc2 f5
22. Rb3 h5 23. Qd2 h4 24. Ra3 f4 25. g4 h3 26. Be4 Bxg4 27. f3 Bf5 28. Kh1 Bxe4
29. dxe4 Qh4 30. Rg1 Kh7 31. Rxa5 Rf7 32. Ra6 Bf8 33. Qe1 Qxe1 34. Rxe1 g5 35.
Rg1 Kh6 36. Rg4 Rbb7 37. Kg1 Kg6 38. Kf2 Rg7 39. a4 Kf7 40. a5 Ke6 41. Rg1 Be7
42. e3 Bd8 43. exf4 gxf4 44. Rg4 Rxg4 45. fxg4 Bh4+ 46. Kf3 Bg3 47. b6 axb6 48.
axb6 Bh4 49. Ra7 Rb8 50. Rg7 Bd8 51. b7 Bh4 52. g5 Bxg5 53. Rxg5 Rxb7 54. Rg6+
Kf7 55. Rf6+ Kg7 56. Kg4 Rb3 57. Rxd6 Rg3+ 58. Kh4 Rg1 59. Kxh3 Re1 60. Kg4
Rxe4 61. Kf5 Rxc4 62. Rd7+ Kf8 63. Kf6 Ke8 64. Ke6 1-0

[Event "Autunno Scacchistico A"]
[Site "Venezia ITA"]
[Date "2007.11.04"]
[Round "6"]
[White "Pechy, Alaster"]
[Black "Milazzo, Mario"]
[Result "1-0"]
[WhiteElo "2165"]
[BlackElo "1971"]
[PlyCount "41"]
[EventDate "2007.11.01"]

1. d4 f5 2. e4 fxe4 3. Nc3 Nf6 4. Bg5 Nc6 5. f3 d5 6. Bb5 exf3 7. Nxf3 Bg4 8.
Qd3 Bxf3 9. Qxf3 e6 10. O-O Be7 11. Qe2 Qd7 12. Rae1 Ne4 13. Nxe4 dxe4 14. Bxc6
bxc6 15. Bxe7 Qxd4+ 16. Kh1 Kxe7 17. Rf4 Rhf8 18. Rxe4 Qd5 19. Rxe6+ Kf7 20.
Re5 Qxa2 21. Ra5 1-0

[Event "Autunno Scacchistico A"]
[Site "Venezia ITA"]
[Date "2007.11.04"]
[Round "6"]
[White "Pesco, Giuseppe"]
[Black "Redo, Giorgio"]
[Result "0-1"]
[WhiteElo "2031"]
[BlackElo "2093"]
[PlyCount "108"]
[EventDate "2007.11.01"]

1. Nf3 Nf6 2. g3 g6 3. Bg2 Bg7 4. O-O O-O 5. d3 d6 6. e4 e5 7. h3 c5 8. Nbd2
Nc6 9. c3 b6 10. a4 a6 11. Qe2 Bb7 12. Nh2 Qe7 13. Ng4 Nh5 14. Ne3 Nd8 15. Ndc4
b5 16. Nb6 Rb8 17. Nbd5 Bxd5 18. Nxd5 Qd7 19. axb5 axb5 20. Bd2 Nf6 21. Ra6
Nxd5 22. exd5 f5 23. Rfa1 Nf7 24. Kh2 Rfe8 25. Qd1 c4 26. Qf1 cxd3 27. Qxd3 e4
28. Qc2 Rec8 29. Qb3 Ne5 30. Bf4 Nc4 31. Qb4 Be5 32. Bh6 Qb7 33. b3 Nb2 34. Ra7
Qxd5 35. Rf1 Rxc3 36. Qa5 Nd3 37. Rd7 Qa8 38. Ra7 Qc6 39. Ra6 Qc7 40. Qxc7 Rxc7
41. f3 exf3 42. Rxf3 Ne1 43. Rf2 Nxg2 44. Kxg2 Rbc8 45. Raa2 Rc3 46. Rf3 Rxf3
47. Kxf3 Rc3+ 48. Ke2 Rxg3 49. Ra8+ Kf7 50. h4 Ke6 51. Ra7 Rh3 52. Bg5 h6 53.
Bxh6 Rxh4 54. Bc1 Rb4 0-1

[Event "Autunno Scacchistico A"]
[Site "Venezia ITA"]
[Date "2007.11.04"]
[Round "6"]
[White "Rombaldoni, Axel"]
[Black "Bellavita, Guido"]
[Result "1-0"]
[WhiteElo "2399"]
[BlackElo "2131"]
[PlyCount "55"]
[EventDate "2007.11.01"]

1. e4 e6 2. c4 c5 3. Nc3 Nc6 4. Nf3 a6 5. Be2 d6 6. d4 cxd4 7. Nxd4 Be7 8. O-O
Nf6 9. Be3 O-O 10. Kh1 Qc7 11. f4 Nd7 12. Rc1 Nxd4 13. Bxd4 b6 14. Bd3 Bf6 15.
Bg1 Bb7 16. Bb1 Rac8 17. b3 g6 18. Qe2 Rfe8 19. Qe3 Bg7 20. Rfd1 f5 21. exf5
gxf5 22. Ne2 Kf7 23. Qh3 Rg8 24. Ng3 Bf6 25. Qh5+ Rg6 26. Re1 Rcg8 27. Rcd1 Kg7
28. Rxe6 1-0

[Event "Autunno Scacchistico A"]
[Site "Venezia ITA"]
[Date "2007.11.04"]
[Round "6"]
[White "Zarpellon, Daniel"]
[Black "Gallo, Enrico"]
[Result "1/2-1/2"]
[WhiteElo "2001"]
[BlackElo "2077"]
[PlyCount "61"]
[EventDate "2007.11.01"]

1. e4 c5 2. Nf3 e6 3. d4 cxd4 4. c3 d5 5. exd5 exd5 6. Nxd4 Nf6 7. Bb5+ Bd7 8.
O-O Be7 9. Bxd7+ Qxd7 10. Bg5 O-O 11. Qf3 Ne4 12. Bxe7 Qxe7 13. Qe2 Re8 14. Re1
Nc6 15. f3 Nxd4 16. cxd4 Qb4 17. Nc3 Qxd4+ 18. Qe3 Qxe3+ 19. Rxe3 Nf6 20. Rd3
g6 21. Rad1 Rac8 22. Nxd5 Nxd5 23. Rxd5 Rc2 24. R1d2 Re2 25. Rxc2 Rxc2 26. Rb5
b6 27. Rb3 Kf8 28. Ra3 Rxb2 29. Rxa7 b5 30. a3 Kg7 31. a4 1/2-1/2

[Event "IV C.to Italiano a squadre U16"]
[Site "Scanno ITA"]
[Date "2007.11.01"]
[Round "1"]
[White "Olivari, Giulio"]
[Black "Piscitelli, Vito"]
[WhiteElo "1496"]
[BlackElo "1905"]
[Result "0-1"]
[PlyCount "34"]
[EventDate "2007.11.01"]

1. e4 c5 2. Nf3 d6 3. d4 cxd4 4. Nxd4 Nf6 5. Nc3 g6 6. Bc4 Nc6 7. Be3 Bg7 8. f3
Bd7 9. Qd2 O-O 10. O-O-O Rc8 11. Kb1 Nxd4 12. Qxd4 Ng4 13. Qd2 Nxe3 14. Qxe3
Rxc4 15. Qd3 Rd4 16. Qe3 Rxd1+ 17. Rxd1 Bxc3 0-1

[Event "IV C.to Italiano a squadre U16"]
[Site "Scanno ITA"]
[Date "2007.11.02"]
[Round "3"]
[White "Angelini, Marco"]
[Black "Binci, Luca"]
[WhiteElo "2009"]
[BlackElo "1650"]
[Result "1-0"]
[PlyCount "51"]
[EventDate "2007.11.01"]

1. e4 c5 2. Nf3 d6 3. d4 cxd4 4. Nxd4 Nf6 5. Nc3 g6 6. f3 Bg7 7. Be3 Bd7 8. Qd2
h5 9. Bc4 Nc6 10. O-O-O a6 11. Bb3 Na5 12. Kb1 Nxb3 13. cxb3 b5 14. h3 Rb8 15.
g4 h4 16. g5 Nh5 17. Nce2 e5 18. Nc2 Bf8 19. Nb4 Qc8 20. Rc1 Qb7 21. Nd5 Rc8
22. Rxc8+ Bxc8 23. Rc1 Bxh3 24. Rc7 Qa8 25. Re7+ Kd8 26. Qa5+ 1-0

[Event "IV C.to Italiano a squadre U16"]
[Site "Scanno ITA"]
[Date "2007.11.??"]
[Round "4"]
[White "Cavaliere, Simone"]
[Black "Caverzan, Leonardo"]
[WhiteElo "1965"]
[BlackElo "1898"]
[Result "1-0"]
[PlyCount "56"]
[EventDate "2007.11.01"]

1. e4 c5 2. Nf3 d6 3. d4 cxd4 4. Nxd4 Nf6 5. Nc3 a6 6. Be3 e6 7. f3 Be7 8. Qd2
Qc7 9. g4 O-O 10. O-O-O Nc6 11. g5 Nd7 12. h4 b5 13. h5 Nde5 14. Qg2 Bd7 15.
Nxc6 Qxc6 16. f4 Nc4 17. Bxc4 bxc4 18. g6 Bf6 19. Bd4 Bxd4 20. Rxd4 e5 21. Nd5
Kh8 22. h6 fxg6 23. hxg7+ Kxg7 24. Qg5 h5 25. Rxh5 Rxf4 26. Qh6+ Kf7 27. Qh7+
Kf8 28. Qh8+ Kf7 1-0

[Event "IV C.to Italiano a squadre U16"]
[Site "Scanno ITA"]
[Date "2007.11.03"]
[Round "5"]
[White "Maggi, Fabrizio"]
[Black "Palmitessa, Andrea"]
[WhiteElo "1960"]
[BlackElo "1796"]
[Result "1-0"]
[PlyCount "57"]
[EventDate "2007.11.01"]

1. c4 Nf6 2. Nc3 e6 3. e4 d5 4. e5 Nfd7 5. d4 dxc4 6. Bxc4 Nb6 7. Bd3 Bd7 8.
Nf3 h6 9. O-O c5 10. Be3 c4 11. Bb1 Nd5 12. Nd2 Nxc3 13. bxc3 b5 14. f4 Bc6 15.
f5 Be7 16. fxe6 fxe6 17. Qh5+ Kd7 18. Be4 Rf8 19. Rxf8 Bxf8 20. Rf1 Bxe4 21.
Nxe4 Na6 22. Rf7+ Kc6 23. Qf3 Kb6 24. d5+ Bc5 25. Nxc5 Nxc5 26. Bxc5+ Kxc5 27.
d6 Rb8 28. Rc7+ Kb6 29. Qc6+ 1-0

[Event "IV C.to Italiano a squadre U16"]
[Site "Scanno ITA"]
[Date "2007.11.??"]
[Round "6"]
[White "Sfera, Mattia"]
[Black "Gallucci, Alessio"]
[WhiteElo "1884"]
[BlackElo "2076"]
[Result "0-1"]
[PlyCount "68"]
[EventDate "2007.11.01"]

1. e4 c5 2. Nf3 d6 3. d4 cxd4 4. Nxd4 Nf6 5. Nc3 g6 6. Be3 Bg7 7. f3 O-O 8. Qd2
Nc6 9. Bc4 Bd7 10. O-O-O Rc8 11. Bb3 Ne5 12. g4 b5 13. Kb1 a5 14. a3 b4 15.
axb4 axb4 16. Na2 Nc4 17. Bxc4 Rxc4 18. Nxb4 Qc7 19. h4 Bxg4 20. fxg4 Nxe4 21.
Qe1 Rb8 22. Na6 Rxb2+ 23. Kxb2 Qb7+ 24. Ka3 Qxa6+ 25. Kb2 Qb5+ 26. Kc1 Qa4 27.
c3 Qa1+ 28. Kc2 Rxc3+ 29. Qxc3 Qxc3+ 30. Kb1 Qxe3 31. Rhe1 Nc3+ 32. Kc2 Nxd1
33. Rxe3 Nxe3+ 34. Kd3 Bxd4 0-1

[Event "I Festival"]
[Site "Locri ITA"]
[Date "2007.11.01"]
[Round "1"]
[White "Arcidiaco, Francesco"]
[Black "Bentivegna, Francesco"]
[Result "0-1"]
[WhiteElo "1542"]
[BlackElo "2330"]
[PlyCount "88"]
[EventDate "2007.11.01"]

1. Nf3 f5 2. d4 Nf6 3. Bg5 Ne4 4. Nbd2 Nxg5 5. Nxg5 e5 6. Ngf3 e4 7. Ng1 d5 8.
e3 Bd6 9. c4 O-O 10. g3 c6 11. c5 Bc7 12. Ne2 Nd7 13. Nc3 Nf6 14. a3 Ng4 15.
Qe2 b6 16. h3 Nf6 17. Nb3 Nd7 18. Na4 b5 19. Nc3 a5 20. Qc2 Ba6 21. Ne2 Qe7 22.
Rc1 Kh8 23. Qd2 a4 24. Na1 Rae8 25. Nc2 Bc8 26. Nb4 Nb8 27. Bg2 Qf6 28. Kd1 Na6
29. Nxa6 Bxa6 30. Bf1 Qd8 31. Nc3 Ba5 32. Qc2 Re6 33. Na2 g5 34. h4 f4 35. hxg5
fxe3 36. fxe3 Qxg5 37. Qh2 Rf7 38. Kc2 Ref6 39. Kb1 Bc8 40. Nb4 Bc7 41. Bh3 Rf2
42. Qg1 Bxh3 43. Rxh3 Qxe3 44. Nxc6 Qd2 0-1

[Event "I Festival"]
[Site "Locri ITA"]
[Date "2007.11.01"]
[Round "1"]
[White "Blasco, Domenico"]
[Black "Naumkin, Igor"]
[Result "0-1"]
[WhiteElo "1969"]
[BlackElo "2486"]
[PlyCount "44"]
[EventDate "2007.11.01"]

1. d4 e6 2. Nf3 f5 3. e3 Nf6 4. Bd3 b6 5. O-O Bb7 6. Nbd2 Be7 7. Re1 Ne4 8. Ne5
O-O 9. f3 Ng5 10. e4 d6 11. Nec4 fxe4 12. fxe4 d5 13. exd5 Qxd5 14. Qg4 h5 15.
Qg3 h4 16. Qg4 Rf4 17. Ne3 Rxg4 18. Nxd5 Bxd5 19. Nf1 Nc6 20. c3 Rf8 21. c4
Nh3+ 22. Kh1 Rxf1+ 0-1

[Event "I Festival"]
[Site "Locri ITA"]
[Date "2007.11.01"]
[Round "1"]
[White "Djuric, Stefan"]
[Black "Valotta, Massimiliano"]
[Result "1-0"]
[WhiteElo "2463"]
[BlackElo "1908"]
[PlyCount "29"]
[EventDate "2007.11.01"]

1. e4 c6 2. Nc3 e5 3. Nf3 d6 4. d4 exd4 5. Qxd4 c5 6. Bb5+ Nc6 7. Qd3 a6 8.
Bxc6+ bxc6 9. Bf4 Be6 10. O-O-O c4 11. Qe3 Nf6 12. Ng5 Be7 13. Nxe6 fxe6 14. e5
Ng4 15. Qg3 {...} 1-0

[Event "I Festival"]
[Site "Locri ITA"]
[Date "2007.11.01"]
[Round "1"]
[White "Dragojlovic, Andjelko"]
[Black "Piccoli, Vincenzo"]
[Result "1-0"]
[WhiteElo "2409"]
[BlackElo "1823"]
[PlyCount "35"]
[EventDate "2007.11.01"]

1. e4 c5 2. Nf3 d6 3. c3 a6 4. d4 b6 5. Bd3 Bb7 6. O-O Nf6 7. e5 dxe5 8. dxe5
Be4 9. Bxe4 Qxd1 10. Bxa8 Qa4 11. exf6 exf6 12. Nbd2 Be7 13. Re1 Qd7 14. Nc4
Qa7 15. Bd5 O-O 16. Bf4 b5 17. Na5 Bd8 18. Nb3 1-0

[Event "I Festival"]
[Site "Locri ITA"]
[Date "2007.11.01"]
[Round "1"]
[White "Familari, Giuseppe"]
[Black "Aleksic, Nenad"]
[Result "0-1"]
[WhiteElo "1801"]
[BlackElo "2368"]
[PlyCount "52"]
[EventDate "2007.11.01"]

1. d4 Nf6 2. c4 e6 3. Nc3 Bb4 4. Bg5 h6 5. Bh4 c5 6. d5 b5 7. f3 bxc4 8. e4
exd5 9. exd5 Qe7+ 10. Be2 d6 11. Kf1 Bxc3 12. bxc3 O-O 13. Bxc4 Nbd7 14. Bb5
Rb8 15. Bxd7 Bxd7 16. Bxf6 Qxf6 17. Qd2 Rb6 18. Ne2 Rfb8 19. Rc1 Rb2 20. Rc2
Rb1+ 21. Rc1 R8b2 22. Qe1 Bf5 23. Rxb1 Rxb1 24. Nc1 Qg5 25. Kf2 Rb2+ 26. Ne2
Bd3 0-1

[Event "I Festival"]
[Site "Locri ITA"]
[Date "2007.11.01"]
[Round "1"]
[White "Forlano, Luigi"]
[Black "Battaglia, Domenica"]
[Result "1-0"]
[WhiteElo "1994"]
[BlackElo "1371"]
[PlyCount "69"]
[EventDate "2007.11.01"]

1. d4 d5 2. Nf3 Nc6 3. c4 dxc4 4. e4 Bg4 5. Be3 e5 6. d5 Nb8 7. Qa4+ Nd7 8.
Nxe5 Ngf6 9. f3 Bd6 10. Nxg4 O-O 11. Nxf6+ Nxf6 12. Qxc4 Re8 13. Nc3 a6 14. Bd3
b5 15. Qb3 Rb8 16. O-O Nd7 17. f4 Bc5 18. Bxc5 Nxc5 19. Qc2 Rb6 20. Ne2 Qd6 21.
Nd4 g6 22. Rac1 Nxd3 23. Qxd3 Rc8 24. Rc6 Rxc6 25. Nxc6 Re8 26. Qd4 f6 27. e5
Qf8 28. exf6 Qd6 29. Kf2 Rf8 30. Qe5 Qd7 31. Ne7+ Kf7 32. Rc1 Re8 33. Rxc7 Qg4
34. Nf5+ Kf8 35. Qd6+ 1-0

[Event "I Festival"]
[Site "Locri ITA"]
[Date "2007.11.01"]
[Round "1"]
[White "Gangemi, Salvatore"]
[Black "Alvaro, Francesco"]
[Result "1-0"]
[WhiteElo "2066"]
[BlackElo "1449"]
[PlyCount "51"]
[EventDate "2007.11.01"]

1. c4 e5 2. g3 Nf6 3. Bg2 c6 4. Nf3 e4 5. Ng5 d5 6. cxd5 cxd5 7. O-O h6 8. Nh3
Be7 9. d3 O-O 10. dxe4 Nxe4 11. Qb3 b6 12. Nf4 Bb7 13. Rd1 d4 14. Qd3 f5 15.
Qc4+ Kh8 16. Ng6+ Kh7 17. Nxf8+ Qxf8 18. Rxd4 Ba6 19. Qd5 Bc5 20. Rxe4 fxe4 21.
Bxe4+ Kh8 22. Bf4 Nc6 23. Qxc6 Rd8 24. Nc3 Rc8 25. Qg6 Qg8 26. Be5 1-0

[Event "I Festival"]
[Site "Locri ITA"]
[Date "2007.11.01"]
[Round "1"]
[White "Ljubisavljevic, Zivojin Z."]
[Black "Carabetta, Alfredo"]
[Result "1-0"]
[WhiteElo "2319"]
[BlackElo "1503"]
[PlyCount "65"]
[EventDate "2007.11.01"]

1. b3 d5 2. Bb2 c5 3. e3 a6 4. f4 Nc6 5. Nf3 Bg4 6. h3 Bxf3 7. Qxf3 e5 8. fxe5
Qh4+ 9. g3 Qe4 10. Qxe4 dxe4 11. Bg2 f5 12. exf6 Nxf6 13. Bxf6 gxf6 14. Bxe4
Kd7 15. Nc3 Re8 16. Bxc6+ Kxc6 17. Ne2 Bh6 18. Rf1 Rhf8 19. Rf5 Re5 20. Rf3 b5
21. O-O-O a5 22. Rdf1 Re6 23. Nf4 Bxf4 24. Rxf4 Rd6 25. g4 h6 26. d3 c4 27.
bxc4 bxc4 28. Rxc4+ Kd5 29. e4+ Ke5 30. Kd2 Ke6 31. Rc5 Ra6 32. Rh5 Rh8 33. a4
1-0

[Event "I Festival"]
[Site "Locri ITA"]
[Date "2007.11.01"]
[Round "1"]
[White "Martorelli, Antonio"]
[Black "Zampaglione, Davide"]
[Result "1-0"]
[WhiteElo "2233"]
[BlackElo "1491"]
[PlyCount "49"]
[EventDate "2007.11.01"]

1. e4 e5 2. Nf3 Nf6 3. Nc3 Bb4 4. Qe2 Nc6 5. Nd5 d6 6. c3 Ba5 7. a4 a6 8. d4
O-O 9. Bg5 exd4 10. b4 Bb6 11. Bxf6 gxf6 12. Qd2 Kh8 13. Qh6 Rg8 14. Nxf6 Rg7
15. Ng5 Ne5 16. h3 Nd7 17. Nfxh7 Kg8 18. Bc4 Ne5 19. Nf6+ Kf8 20. Qh8+ Ke7 21.
Qxg7 Qf8 22. Nd5+ Ke8 23. Qf6 Nxc4 24. Nh7 Qg8 25. Qe7# 1-0